Normal view MARC view
  • Klein, Vladislav

Entry Personal Name

Number of records used in: 1

001 - CONTROL NUMBER

  • control field: 111192

003 - CONTROL NUMBER IDENTIFIER

  • control field: NUST

005 - DATE AND TIME OF LATEST TRANSACTION

  • control field: 20230322171842.0

008 - FIXED-LENGTH DATA ELEMENTS

  • fixed length control field: 230322|| aca||aabn | a|a d

040 ## - CATALOGING SOURCE

  • Original cataloging agency: NUST
  • Transcribing agency: NUST

100 ## - HEADING--PERSONAL NAME

  • Personal name: Klein, Vladislav

670 ## - SOURCE DATA FOUND

  • Source citation: Work cat.: (NUST)0: Klein, Vladislav., Aircraft system identification :, c2006.
© 2023 Central Library, National University of Sciences and Technology. All Rights Reserved.